• 首页
  • 本馆介绍
  • 公告通知
  • 最新文献
  • 馆藏检索
  • 电子资源
  • 读者导购
  • 参考咨询
  • 我的图书馆
  • 登录
  • 详细信息显示
  • 放入我的书架
  • 预约/预借图书
  • 作者相关作品
  • 分类相关作品
  • 丛书相关作品
  • 出版社相关作品

书目信息

  • 表格格式
  • 工作单格式
  • 卡片格式
题名:
中国反洗钱实务
    
 
作者: ;反洗钱工作部际联席会议办公室 编
分册:  
出版信息: 北京   中国金融出版社  2019
页数: 80页
开本: 26cm
丛书名:
单 册:
中图分类: D924.334
科图分类:
主题词: 洗钱罪--研究--中国
电子资源:
ISBN: 978-7-5220-0061-9
000 01039nam0 2200217 450
001 2353379299
005 20231110083328.95
010    @a978-7-5220-0061-9@dCNY25.00
100    @a20190402d2019 em y0chiy0110 ea
101 0  @achi
102    @aCN@b110000
105    @ay z 000yy
200 1  @a中国反洗钱实务@9zhong guo fan xi qian shi wu@f反洗钱工作部际联席会议办公室编
210    @a北京@c中国金融出版社@d2019
215    @a80页@d26cm
330    @a《中国反洗钱实务》将主要面向广大银行业、保险业、证券期货业、支付机构反洗钱相关从业人员,对中国反洗钱工作现状中的重点、难点和热点问题进行分析研究,致力于解决反洗钱问题,切实执行反洗钱相关法律法规,完善中国反洗钱制度,提高中国反洗钱工作的有效性。内容主要包括:(1)反洗钱动态;(2)风险研究;(3)制度建设;(4)工作交流;(5)业界实践;(6)国际视野;(7)案例分析。
606 0  @a洗钱罪@x研究@y中国
690    @aD924.334@v5
711 02 @a反洗钱工作部际联席会议办公室@9fan xi qian gong zuo bu ji lian xi hui yi ban gong shi@4编
801  0 @aCN@b91CIP@c20190402
905    @aBZT@dD924.334@e12:68
    
    中国反洗钱实务/反洗钱工作部际联席会议办公室编.-北京:中国金融出版社,2019
    80页;26cm
    
    
    ISBN 978-7-5220-0061-9:CNY25.00
    《中国反洗钱实务》将主要面向广大银行业、保险业、证券期货业、支付机构反洗钱相关从业人员,对中国反洗钱工作现状中的重点、难点和热点问题进行分析研究,致力于解决反洗钱问题,切实执行反洗钱相关法律法规,完善中国反洗钱制度,提高中国反洗钱工作的有效性。内容主要包括:(1)反洗钱动态;(2)风险研究;(3)制度建设;(4)工作交流;(5)业界实践;(6)国际视野;(7)案例分析。
●
相关链接 在五车中查询图书 在当当中查询图书 在豆瓣中查询图书


正题名:中国反洗钱实务     索取号:D924.334/12:68         预约/预借

序号 登录号 条形码 馆藏地/架位号 状态 备注
1 2000941963   2000941963   安徽、中教混合/安徽时代(第一批)/7/ [索取号:D924.334/12:68] 在馆    
2 2000941964   2000941964   安徽、中教混合/安徽时代(第一批)/7/ [索取号:D924.334/12:68] 在馆    
3 2000941965   2000941965   安徽、中教混合/安徽时代(第一批)/7/ [索取号:D924.334/12:68] 在馆    
4 2000941966   2000941966   安徽、中教混合/安徽时代(第一批)/7/ [索取号:D924.334/12:68] 在馆    
5 2000941967   2000941967   安徽、中教混合/安徽时代(第一批)/7/ [索取号:D924.334/12:68] 在馆    
山东省滨州职业学院图书馆 欢迎您!
大连网信软件有限公司© 版权所有